Statistiques concernant Pays de la péninsule arabique

Cliquez ici pour prendre le quiz!

Statistiques générales

  • Ce quiz a été pris 173 fois
  • Le résultat moyen est 5 sur 6

Statistiques - réponses

Réponse% Correct
Arabie Saoudite
95%
Yemen
94%
Qatar
91%
Oman
89%
Emirats Arabes
80%
Koweït
78%

Distribution des résultats

Percentile par nombre de réponses

% des personnes avec chaque résultat

Votre développement - résultats

Vous n’avez pas pris ce quiz